000 00936nas a2200253 4500
001 BR8300066
003 BR-BrBNA
005 20231205085356.0
007 ta
008 230509b bl.|||p| |||| 00| 00por d
040 _aBR-BrBNA
_bpor
_cBiblioteca Nacional de Agricultura
041 _a(Pt)
072 _aM40
100 1 _aVieira, A.A.H.
100 1 _aAidar-Aragao, E.
245 1 _aAlguns aspectos metodologicos da medida de excrecao de materia organica pelo fitoplancton por espectrometria de cintilacao liquida
246 1 _a[Some methodological aspects for measuring organic matter released by phytoplankton through liquid cintilation spectrometry]
650 _aFITOPLANCTON
650 _aMATERIA ORGANICA
650 _aESPECTROMETRIA
773 0 _tBoletim do Instituto Oceanografico (Brazil)
_xISSN 0373-5524
_g(1982), v. 31(1) p. 39-53
_wBR8300066
909 _a202311
_bLúcia
_c55
_dLúcia Elande
942 _2AGRIS
_n0
_cANA
999 _c111069
_d111069